| 000 | 00683cam a22001934a 4500 | ||
|---|---|---|---|
| 020 | _a0072885246 (pbk. : alk. paper) | ||
| 040 | _cDLC | ||
| 082 | 0 | 0 | _a301 MCG 2006 A072 Or. |
| 100 | 1 | _aMcIntyre, Lisa J. | |
| 245 | 1 | 4 |
_aThe practical skeptic : _bcore concepts in sociology / |
| 250 | _a3rd ed. | ||
| 260 |
_aBoston : _bMcGraw-Hill Higher Education, _cc2006. |
||
| 300 |
_axv, 269 p. : _bill. ; _c24 cm. |
||
| 650 | 0 | _aSociology. | |
| 856 | 4 | 2 | _uhttp://www.loc.gov/catdir/enhancements/fy0619/2004063593-d.html |
| 856 | 4 | 1 | _uhttp://www.loc.gov/catdir/enhancements/fy0619/2004063593-t.html |
| 856 | 4 | 2 | _uhttp://www.loc.gov/catdir/enhancements/fy0737/2004063593-b.html |
| 942 | _cEK | ||
| 999 |
_c14844 _d14844 |
||